Narraciones históricas. Por Miguel Luis Amunátegui

Saved in:
Bibliographic Details
Main Author: Amunátegui, Miguel Luis (Author)
Format: Book
Language:Spanish
Published: Santiago Imprenta Nacional, calle de la Moneda, Núm. 46 1876
Edition:1a. ed
Subjects:
Tags: Add Tag
No Tags, Be the first to tag this record!

MARC

LEADER 00000nam a2200000 a 4500
001 UCJ5082
003 CL-VaPUC
008 070124e18760000CL |||||||||||||||||spa|d
082 0 4 |a 983  |b AMU  |2 21 
100 0 |a Amunátegui, Miguel Luis  |e author  |9 506140 
245 1 0 |a Narraciones históricas. Por Miguel Luis Amunátegui 
250 |a 1a. ed 
300 |a 402 p 
942 |c BK 
945 |d 20070124 00:00:00  |a rinostro 
260 |a Santiago  |b Imprenta Nacional, calle de la Moneda, Núm. 46   |c 1876 
600 0 7 |a CORTES, HERNAN  |2 CL-VaPUC  |9 258554 
600 0 7 |a MICHIMALONCO  |2 CL-VaPUC  |9 443924 
600 0 |a Núñez de Pineda y Bascuñán, Francisco,  |d 1607-1682  |9 318978 
650 0 |a Cultura  |9 269059 
650 0 |a Guerra de Arauco  |9 267618 
650 0 |a Araucanos  |9 314060 
650 0 |a Historia de Chile  |9 265473 
651 0 |a Guatemala  |9 258335 
651 0 |a México  |9 255269 
583 |a last modification  |c 20070124 00:00:00  |k Rodrigo Vera 
999 |c 321195  |d 321193 
952 |0 0  |1 0  |4 0  |6 983_000000000000000_AMU_1876  |7 0  |8 X  |9 399885  |a FDOBUD  |b FDOBUD  |d 2019-11-22  |i 1029797  |o 983 AMU 1876  |p 1029797  |r 2019-11-22  |w 2019-11-22  |y BK_X  |k BUD